000 01998nam a22002537a 4500
999 _c61800
_d61800
003 Ge_BSU
005 20240514152805.0
008 240514s2022 enk||||| |||| 00| 0 eng d
020 _a9789941352553 (ტომი 6)
020 _a9789941350429 (ყველა ტომისთვის)
041 _ageo
080 _a343.431(479.22) ს-32
245 _aსაქართველოს ისტორიის პალიტრა : 15 ტომეული.
_bტომი 6, ადამიანებით ვაჭრობა საქართველო-კავკასიაში XVI-XIX საუკუნეებში : ისტორიულ-სამართლებრივი ასპექტები /
_cავთანდილ კილასონია; პროექტის ხელმძღვანელი ჯაბა სამუშია; სარედაქციო ჯგუფი: ლადო იოსებაძე, ნესტან მაღალაშვილი, თამარ ჯანთიშვილი [და სხვა].
264 _aთბილისი :
_bპალიტრა L,
_c2022.
300 _a344 გვ. ;
_b23 სმ.
504 _aბიბლიოგრაფია ტექსტის შენიშვნებში.
653 _aადამიანებით ვაჭრობა საქართველოში
700 _aკილასონია, ავთანდილ
_eავტორი
_922092
700 _aსამუშია, ჯაბა
_eპროექტის ხელმძღვანელი
_922093
700 _aიოსებაძე, ლადო
_eრედაქტორი
_917896
700 _aჯანთიშვილი, თამარ
_eრედაქტორი
_922094
700 _aჯანდიერი, ირინა და სხვ.
_eრედაქტორი
_922095
942 _2udc
_cᲬᲘᲒᲜᲘ